Statistiques concernant Pays colorés du monde

Cliquez ici pour prendre le quiz!

Statistiques générales

  • Ce quiz a été pris 635 fois
  • Le résultat moyen est 158 sur 196

Réponses sur la Carte

Les réponses sont colorées sur une échelle allant du rouge au vert en fonction du pourcentage des utilisateurs qui les ont devinées à leur premier essai. Vous pouvez retrouver ces pourcentages ci-dessous.
 

Statistiques - réponses

pays% Correct
Canada
98%
Etats-Unis
97%
France
97%
Russie
95%
Mexique
94%
Brésil
93%
Chine
93%
Espagne
92%
Allemagne
91%
Argentine
91%
Italie
91%
Portugal
91%
Royaume-Uni
91%
Algérie
90%
Australie
90%
Belgique
90%
Chili
90%
Danemark
90%
Inde
90%
Irlande
90%
Islande
89%
Japon
89%
Maroc
89%
Afrique du Sud
88%
Colombie
88%
Finlande
88%
Norvège
88%
Pays-Bas
88%
Pérou
88%
Rép dém Congo
88%
Suède
88%
Suisse
88%
Tunisie
88%
Turquie
88%
Uruguay
88%
Bolivie
87%
Congo
87%
Cuba
87%
Égypte
87%
Grèce
87%
Paraguay
87%
Pologne
87%
Roumanie
87%
Ukraine
87%
Venezuela
87%
Arabie Saoudite
86%
Corée du Nord
86%
Corée du Sud
86%
Estonie
86%
Lettonie
86%
Libye
86%
Lituanie
86%
Madagascar
86%
Biélorussie
85%
Équateur
85%
Iran
85%
Mongolie
85%
Albanie
84%
Autriche
84%
Croatie
84%
Hongrie
84%
Indonésie
84%
Mali
84%
Nouvelle-Zélande
84%
Slovaquie
84%
Slovénie
84%
Soudan
84%
Tchèquie
84%
Afghanistan
83%
Irak
83%
Kazakhstan
83%
Luxembourg
83%
Niger
83%
Nigeria
83%
Pakistan
83%
Panama
83%
Suriname
83%
Thaïlande
83%
Bulgarie
82%
Éthiopie
82%
Guyana
82%
Kosovo
82%
Monaco
82%
Sénégal
82%
Viêt Nam
82%
Yémen
82%
Andorre
81%
Bosnie-Herzégovine
81%
Guinée
81%
Haïti
81%
Honduras
81%
Macédoine du Nord
81%
Malte
81%
Ouzbékistan
81%
Qatar
81%
Serbie
81%
Somalie
81%
Syrie
81%
Turkménistan
81%
Israël
80%
Jordanie
80%
Mauritanie
80%
Népal
80%
Soudan du Sud
80%
Tchad
80%
Vatican
80%
Zambie
80%
Zimbabwe
80%
Arménie
79%
Birmanie
79%
Cambodge
79%
Cameroun
79%
Chypre
79%
Costa Rica
79%
Émirats arabes unis
79%
Jamaïque
79%
Laos
79%
Moldavie
79%
Monténégro
79%
Oman
79%
Papouasie-
Nouvelle-Guinée
79%
Philippines
79%
Togo
79%
Angola
78%
Bangladesh
78%
Côte d'Ivoire
78%
Guatemala
78%
Kenya
78%
Liban
78%
Liechtenstein
78%
Malaisie
78%
Namibie
78%
Nicaragua
78%
Saint-Marin
78%
Sri Lanka
78%
Tanzanie
78%
Érythrée
77%
Kirghizistan
77%
Lesotho
77%
Mozambique
77%
République dominicaine
77%
Gabon
76%
Géorgie
76%
Ghana
76%
Guinée-Bissau
76%
Guinée équatoriale
76%
République
Centrafricaine
76%
Taïwan
76%
Azerbaïdjan
75%
Belize
75%
Bénin
75%
Bhoutan
75%
Burkina Faso
75%
Cabo Verde
75%
Djibouti
75%
Fidji
75%
Ouganda
75%
Salvador
75%
Seychelles
75%
Tadjikistan
75%
Bahamas
74%
Botswana
74%
Koweït
74%
Liberia
74%
Rwanda
74%
Comores
73%
Gambie
73%
Île Maurice
73%
Sierra Leone
73%
Eswatini
72%
Malawi
72%
Maldives
72%
Sainte-Lucie
72%
Burundi
71%
Dominique
71%
Micronésie
71%
Bahreïn
70%
Îles Marshall
70%
Singapour
70%
Barbade
69%
Kiribati
69%
Sao Tomé-et-Principe
69%
Saint-Vincent-et-
les-Grenadines
68%
Tuvalu
68%
Vanuatu
68%
Antigua-et-Barbuda
67%
Brunei
67%
Saint-Christophe-
et-Niévès
67%
Tonga
67%
Trinité-et-Tobago
67%
Grenade
66%
Palaos
66%
Salomon
66%
Samoa
66%
Timor-Leste
65%
Nauru
64%

Distribution des résultats

Percentile par nombre de réponses

% des personnes avec chaque résultat

Votre développement - résultats

Vous n’avez pas pris ce quiz